Szczegóły MARC21

Towards effective food chains : models and applications /

003 -Nazwa inst., której nr kontr. jest w polu 001 [,]
    • @
    • Nazwa instytucji, której n kontrolny jest w polu 001
    • NUKAT
005 -DATA I CZAS OSTATNIEJ MODYFIKACJI [,]
    • @
    • pole kontrolne
    • 20241231101105.0
020 -Międzynarod. znormalizowany nr książki - ISBN [ , ]
    • a
    • Numer ISBN
    • 9789086861484 Find
020 -Międzynarod. znormalizowany nr książki - ISBN [ , ]
    • a
    • Numer ISBN
    • 9789086867059 Find
    • q
    • Dopowiedzenie
    • e-ISBN
040 -Instytucja sporządzająca opis [ , ]
    • a
    • Instytucja, która sporządziła opis (NP)
    • LUBL 58/MN
    • c
    • Instytucja, która sporządziła rekord (NP)
    • LUBL 58/MN
    • d
    • Instytucja, która zmodyfikowała rekord (P)
    • LUBL 58/MN
    • d
    • Instytucja, która zmodyfikowała rekord (P)
    • LUBL 58/ESs
942 -Rodzaj dokumentu [ , ]
    • c
    • Rodzaj dokumentu
    • Książka
245 -Strefa tytułu i oznaczenia odpowiedzialności [0,0]
    • a
    • Tytuł
    • Towards effective food chains : Find
    • b
    • Ciąg dalszy tytułu (NP)
    • models and applications / Find
    • c
    • Pozostałe elementy strefy tytułu i oznaczenia odpowiedzialności (NP)
    • ed. by Jacques Trienekens [et al.].
260 -Strefa adresu wydawniczego [ , ]
    • a
    • Miejsce wydania (P)
    • Wageningen :
    • b
    • Nazwa wydawcy (P)
    • Wageningen Academic Publishers,
    • c
    • Data wydania (P)
    • 2010.
300 -Strefa opisu fizycznego [ , ]
    • a
    • Określenie formy książki i/lub objętość (NP)
    • 320 s. :
    • b
    • Oznaczenie ilustracji (NP)
    • il. ;
    • c
    • Format (NP)
    • 25 cm.
336 -Typ zawartości [ , ]
    • a
    • Termin opisujący typ zawartości
    • Tekst
    • b
    • Kod określający zawartość
    • txt
    • 2
    • Źródło (terminu i kodu)
    • rdacontent
337 -Typ mediów [ , ]
    • a
    • Tryb odtwarzania
    • Bez urządzenia pośredniczącego
    • b
    • Kod typu mediów
    • n
    • 2
    • Źródło (terminu i kodu)
    • rdamedia
338 -Typ/rodzaj nośnika [ , ]
    • a
    • Hasło opisujące typ nośnika
    • Wolumin
    • b
    • Kod typu nośnika
    • nc
    • 2
    • Źródło (terminu i kodu)
    • rdacarrier
504 -Uwaga dot. bibliogr. załącznikowej [ , ]
    • a
    • Uwaga dot. bibliografii załącznikowej
    • Bibliogr. przy rozdz.
080 -Uniwersalna Klasyfikacja Dziesiętna [ , ]
    • 2
    • Identyfikator wydania tablic
    • UDC-P058
    • 9
    • UKD
    • 3237
    • a
    • Symbol klasyfikacji
    • 338.439
    • b
    • Dopowiedzenie
    • Gospodarka żywnościowa.
    • 4
    • UKD2
    • 7644
    • x
    • Poddział wspólny
    • =111
    • c
    • Dopowiedzenie poddz. wspólnego
    • =Język angielski.
080 -Uniwersalna Klasyfikacja Dziesiętna [ , ]
    • 2
    • Identyfikator wydania tablic
    • UDC-P058
    • 9
    • UKD
    • 2164
    • a
    • Symbol klasyfikacji
    • 005
    • b
    • Dopowiedzenie
    • Zarządzanie.
    • 4
    • UKD2
    • 7644
    • x
    • Poddział wspólny
    • =111
    • c
    • Dopowiedzenie poddz. wspólnego
    • =Język angielski.
080 -Uniwersalna Klasyfikacja Dziesiętna [ , ]
    • 2
    • Identyfikator wydania tablic
    • UDC-P058
    • 9
    • UKD
    • 3302
    • a
    • Symbol klasyfikacji
    • 339.166.82
    • b
    • Dopowiedzenie
    • Handel artykułami spożywczymi.
    • 4
    • UKD2
    • 7644
    • x
    • Poddział wspólny
    • =111
    • c
    • Dopowiedzenie poddz. wspólnego
    • =Język angielski.
650 -Hasło przedmiotowe [ ,7]
    • a
    • Hasło przedmiotowe
    • Handel żywnością
    • z
    • Określnik geograficzny
    • Holandia.
    • 2
    • Źródło terminu
    • kaba
    • 9
    • KHW
    • 384830
650 -Hasło przedmiotowe [ ,7]
    • a
    • Hasło przedmiotowe
    • Żywność
    • x
    • Określnik rzeczowy
    • zaopatrzenie
    • z
    • Określnik geograficzny
    • Holandia.
    • 2
    • Źródło terminu
    • kaba
    • 9
    • KHW
    • 384831
650 -Hasło przedmiotowe [ ,7]
    • a
    • Hasło przedmiotowe
    • Logistyka (organizacja).
    • 2
    • Źródło terminu
    • kaba
    • 9
    • KHW
    • 117660
650 -Hasło przedmiotowe [ ,7]
    • a
    • Hasło przedmiotowe
    • Zarządzanie wiedzą.
    • 2
    • Źródło terminu
    • kaba
    • 9
    • KHW
    • 137521
980 -Symbol UKD [ , ]
    • a
    • UKD
    • 338.439:005:339.166.82]=111
700 -Hasło dodatkowe - nazwa osobowa [1, ]
    • a
    • Nazwa osobowa (NP)
    • Trienekens, Jacques. Find
    • e
    • Określenie rodzaju współpracy
    • Red.
    • 9
    • KHW
    • 72064
920 -ISBN [ , ]
    • a
    • ISBN
    • 978-90-8686-148-4 Find
920 -ISBN [ , ]
    • a
    • ISBN
    • 978-90-8686-705-9 Find
    • q
    • Dopowiedzenie
    • e-ISBN
Data inwentaryzacji Lokalizacja Sygnatura Numer inwentarzowy Status udost.
2014-03-28TT.15722T.15722-2